[Event "29th CRO-chT Junior 2020"]
[Site "Cakovec"]
[Date "2020.07.19"]
[Round "11"]
[White "Markovic, Marko"]
[Black "Taylor, Marcel V"]
[Result "1-0"]
[WhiteElo "2232"]
[BlackElo "1581"]
[Annotator "TA"]
[PlyCount "67"]
[EventDate "2020.??.??"]
[EventCountry "CRO"]
[SourceTitle "playchess.com"]
[Source "ChessBase"]
[SourceQuality "1"]

{[%evp 12,67,20,-16,16,-1,27,24,45,44,124,120,129,110,133,120,523,498,500,473,1038,1017,1010,1007,951,672,884,865,950,939,1038,1010,1293,1191,1117,1095,1790,1821,2259,2266,2230,2137,3050,2624,29979,29967,29985,29986,29986,29987,29987,29988,29995,29996,29996,29995,29998,29999]} 1. d4 c6 2. c4 d5 3. cxd5 cxd5 4. Nc3 Nf6 5. Nf3 Bf5 6. e3 Nc6 7. Bd3 g6 {D13: Slav Defence: Exchange variation without ...Bf5.} 8. O-O Bg7 9. Bxf5 gxf5 {[#] White has an edge.} 10. Qb3 $146 ({Predecessor:} 10. b3 O-O 11. Bb2 Rc8 12. Rc1 Ne4 13. a3 Qd6 14. Ne2 Na5 15. Qd3 Qb6 16. Nf4 {0-1 (32) Rodriguez Bernal,H (1773)-Clavero Alarcon,J (1873) San Sebastian 2015}) 10... e6 ({Black should play} 10... Qd7 $14) 11. Qxb7 $16 Rc8 12. Nb5 O-O 13. Nxa7 Ne7 $2 {[%mdl 8192]} (13... Nxa7 $16 {is more resistant.} 14. Qxa7 Ra8) 14. Nxc8 $18 Nxc8 15. Bd2 Qd6 (15... Ne4 $142 16. Bb4 Ncd6) 16. Bb4 {[%mdl 64] [#] Skewer} Qd8 17. Bxf8 Bxf8 18. Ng5 Ne7 19. Rac1 h6 20. Nf3 h5 21. a4 Ng6 22. Ng5 Ne7 23. Rc7 Qd6 24. a5 h4 25. h3 f4 26. exf4 Qxf4 27. Rxe7 Bxe7 28. Qxe7 {White mates.} Qxg5 {[%mdl 4096] Endgame KQR-KQN} 29. a6 Kg7 30. a7 Qg6 31. a8=Q Ng4 32. Qaf8+ Kh7 33. Qfxf7+ Kh6 34. Qxh4+ {[%mdl 64] Double Attack. Black did not feel at home in the position after the opening. Accuracy: White = 100%, Black = 37%.} 1-0

[Event "29th CRO-chT Junior 2020"]
[Site "Cakovec"]
[Date "2020.07.19"]
[Round "11"]
[White "Dabic, Stjepan"]
[Black "Kresic, Vid"]
[Result "1-0"]
[WhiteElo "2120"]
[BlackElo "1216"]
[Annotator "TA"]
[PlyCount "53"]
[EventDate "2020.??.??"]
[EventCountry "CRO"]
[SourceTitle "playchess.com"]
[Source "ChessBase"]
[SourceQuality "1"]

{[%evp 12,53,43,38,67,24,43,38,77,24,33,29,127,131,124,91,178,146,120,141,244,58,349,367,354,329,672,657,622,663,741,711,29986,29987,29987,29988,29991,29990,29996,29997,29997,29998,29998,29999]} 1. d4 d5 2. c4 e6 3. Nc3 Bb4 4. Nf3 Nf6 5. Bg5 c5 6. cxd5 exd5 7. e3 Be6 {D38: Queen's Gambit Declined: Ragozin Defence (4 Nf3 Bb4).} 8. Be2 {[#]} Nc6 $146 ({Predecessor:} 8... c4 9. O-O Nbd7 10. Bxf6 Qxf6 11. a3 Bxc3 12. bxc3 O-O 13. Nd2 Qg6 14. Bf3 f5 15. Qb1 {1-0 (64) Trifunovic,P-Van Scheltinga,T Birmingham 1951}) 9. O-O h6 {White is slightly better.} 10. Bh4 (10. Bxf6 $16 Qxf6 11. Nb5) 10... cxd4 11. Nxd4 Be7 (11... O-O $11 {remains equal.}) 12. Nxe6 fxe6 13. Bh5+ Kd7 (13... Nxh5 $16 14. Qxh5+ Kf8) 14. Bf3 g5 15. Bg3 h5 {[#]} (15... Ke8 $16) 16. h3 $2 (16. e4 $1 $18 {[%cal Re4d5]} d4 17. e5) 16... Qa5 $2 {[%mdl 8192] [#] Now Black is done in.} (16... g4 $14) 17. e4 $1 $18 {[%cal Re4d5]} d4 {[#]} 18. e5 $1 {[%mdl 512]} Nd5 $2 (18... Nh7 19. Bxc6+ bxc6 20. Qxd4+ Kc7) (18... Nxe5 19. Qxd4+) 19. Nxd5 exd5 {[#]} 20. e6+ $1 {[%mdl 512]} Kxe6 21. Bxh5 Bf6 22. Qg4+ {White mates.} Ke7 23. Rae1+ Kf8 24. Qe6 {[%csl Gh5][%cal Re6f7]} Rxh5 25. Qxf6+ Kg8 26. Qg6+ {[%mdl 64] Double Attack} Kf8 27. Bd6+ {Accuracy: White = 57%, Black = 26%.} 1-0

[Event "29th CRO-chT Junior 2020"]
[Site "Cakovec"]
[Date "2020.07.19"]
[Round "11"]
[White "Simunic, Krunoslav"]
[Black "Ljubicic, Mario"]
[Result "1/2-1/2"]
[WhiteElo "2047"]
[BlackElo "1966"]
[Annotator "TA"]
[PlyCount "30"]
[EventDate "2020.??.??"]
[EventCountry "CRO"]
[SourceTitle "playchess.com"]
[Source "ChessBase"]
[SourceQuality "1"]

{[%evp 12,30,49,14,63,79,68,43,43,50,43,37,37,6,38,26,34,36,43,62,175]} 1. d4 Nf6 2. c4 g6 3. Nc3 Bg7 4. g3 O-O 5. Bg2 d6 6. Nf3 Nc6 7. d5 Ne5 {E62: King's Indian: Fianchetto: 6...c6 and Panno Variation (6...Nc6) without ...a6.} 8. Nxe5 dxe5 9. e4 e6 10. O-O exd5 11. cxd5 Ne8 {[#]} 12. f4 $146 ({Predecessor:} 12. Qb3 Nd6 13. Re1 f5 14. exf5 gxf5 15. f4 e4 16. Be3 Qf6 17. Rad1 Rf7 18. Rd2 {½-½ (25) Slabicki,A (2019)-Kotermanska,A (1944) Wroclaw 2007}) 12... f5 13. fxe5 Bxe5 14. Bf4 Qf6 15. Qd2 Ng7 ({Black should play} 15... Nd6 $14) 1/2-1/2

[Event "29th CRO-chT Junior 2020"]
[Site "Cakovec"]
[Date "2020.07.19"]
[Round "11"]
[White "Sos, Fran"]
[Black "Alfirevic, Duje"]
[Result "1/2-1/2"]
[WhiteElo "2024"]
[BlackElo "1994"]
[Annotator "TA"]
[PlyCount "55"]
[EventDate "2020.??.??"]
[EventCountry "CRO"]
[SourceTitle "playchess.com"]
[Source "ChessBase"]
[SourceQuality "1"]

{[%evp 23,55,-1,37,-31,-50,-43,-28,-24,-8,-50,-50,-65,-56,-61,-45,-48,-48,-47,-6,-4,0,0,0,0,7,6,11,-4,0,-32,8,0,0,-40]} 1. e4 e5 2. Nf3 Nc6 3. d4 exd4 4. Bc4 Nf6 5. O-O Nxe4 6. Re1 d5 7. Bxd5 Qxd5 8. Nc3 Qh5 9. Nxe4 Be6 10. Bg5 Bd6 11. Nxd6+ cxd6 12. Bf4 O-O 13. Qd2 {C56: Two Knights: 4 d4 exd4 5 0-0 Nxe4.} (13. Nxd4 $14 Qxd1 14. Rexd1 (14. Raxd1 Nxd4 15. Rxd4 Rfc8 $14)) 13... Qc5 {[#]} 14. a3 $146 ({Predecessor:} 14. Rad1 Bg4 15. c3 Bxf3 16. gxf3 Qd5 17. Kg2 h6 18. h4 Rfe8 19. Rg1 Re6 20. cxd4 Rae8 21. Rde1 Nxd4 22. Re3 Rxe3 23. fxe3 Qxf3+ {0-1 (23) Atakishiyev,E (1648)-Asadli,V (2043) Al Ain 2014}) 14... a5 15. Rac1 {Black has an edge.} Bg4 16. Ng5 (16. b4 $5 {[%cal Rb4c5]} Qc3 17. Bxd6 $11) 16... Bf5 17. c3 h6 18. cxd4 Qxd4 19. Qxd4 Nxd4 20. Ne4 Bxe4 (20... d5 {keeps more tension.} 21. Ng3 Be6 22. Rcd1 Nb3 23. f3 Rfc8) 21. Rxe4 Ne6 {[#] Hoping for ...d5.} 22. Bxd6 Rfd8 23. Be5 Rd5 24. Bc3 Rdd8 25. Be5 Nc5 26. Re2 Ne6 27. Re4 Nc5 28. Re2 {Accuracy: White = 75%, Black = 85%.} 1/2-1/2

[Event "29th CRO-chT Junior 2020"]
[Site "Cakovec"]
[Date "2020.07.19"]
[Round "11"]
[White "Borzan, Andrej"]
[Black "Sagovac, Kristijan"]
[Result "1/2-1/2"]
[WhiteElo "1983"]
[BlackElo "1835"]
[Annotator "TA"]
[PlyCount "27"]
[EventDate "2020.??.??"]
[EventCountry "CRO"]
[SourceTitle "playchess.com"]
[Source "ChessBase"]
[SourceQuality "1"]

{[%evp 9,27,12,35,24,22,22,24,20,31,16,16,19,18,15,19,23,19,9,16,13]} 1. d4 Nf6 2. c4 e6 3. Nf3 Bb4+ 4. Bd2 Bxd2+ 5. Nbxd2 d5 6. cxd5 {E11: Bogo-Indian.} exd5 7. e3 Bf5 8. Qb3 {[#] White has an edge.} b6 $146 ({Predecessor:} 8... Qc8 9. Nh4 Be6 10. Bd3 Nbd7 11. Nf5 Bxf5 12. Bxf5 c6 13. O-O O-O 14. Qc2 Qc7 {1-0 (42) Kesten,S (1560)-Krohne,R (1604) Germany 2002}) 9. Bd3 Bxd3 10. Qxd3 O-O 11. O-O Qd6 12. Rac1 Nbd7 13. Rfe1 Rfe8 14. b4 {A rather calm draw. Accuracy: White = 100%, Black = 100%.} 1/2-1/2

[Event "29th CRO-chT Junior 2020"]
[Site "Cakovec"]
[Date "2020.07.19"]
[Round "11"]
[White "Dumancic, Simun"]
[Black "Kanizaj, Benjamin"]
[Result "0-1"]
[WhiteElo "1920"]
[BlackElo "1983"]
[Annotator "TA"]
[PlyCount "104"]
[EventDate "2020.??.??"]
[EventCountry "CRO"]
[SourceTitle "playchess.com"]
[Source "ChessBase"]
[SourceQuality "1"]

{[%evp 20,104,4,6,20,6,5,0,9,-18,0,-42,-33,-54,-48,-145,-131,-317,-210,-506,-464,-450,-263,-282,-246,-239,-251,-241,-246,-249,-196,-268,-275,-295,-297,-284,-281,-293,-294,-315,-296,-291,-299,-307,-268,-316,-312,-314,-315,-367,-358,-322,-317,-372,-360,-375,-320,-562,-541,-669,-669,-793,-779,-1431,-1445,-1393,-1357,-1580,-1580,-1580,-1287,-1580,-1572,-1572,-1539,-1532,-1456,-1532,-1504,-1442,-1435,-1409,-1402,-1362,-1076,-592,-421]} 1. e4 c5 2. Nf3 d6 3. d4 cxd4 4. Qxd4 Nc6 5. Bb5 Bd7 6. Bxc6 Bxc6 7. Nc3 e6 8. Bg5 Nf6 9. O-O-O Be7 10. Rhe1 O-O 11. e5 Nd5 {B53: Sicilian: 2...d6: Lines with Qxd4.} 12. Bxe7 Qxe7 13. exd6 Qxd6 {[#] The position is equal.} 14. Ne4 $146 ({Predecessor:} 14. Ne5 Rfd8 15. Rd3 Qc7 16. Nxc6 Qxc6 17. Red1 Rd7 18. Qh4 Re8 19. Nxd5 exd5 20. h3 {½-½ (56) Rodriguez Perez,R (2127)-Sanchez Carol,J (2204) ICCF email 2018}) 14... Qc7 15. Ne5 Rac8 16. Nxc6 Qxc6 {[%csl Gc8][%cal Rc6c2]} 17. Re2 (17. Rd2 $15) 17... Qa6 $40 {[%mdl 192] [#] Double Attack. Black goes for the king.} 18. Red2 $2 (18. Ng3 $17 Qxa2 19. Nh5) 18... Qxa2 {[%cal Ra2a1]} 19. b3 $2 (19. Rd3 Qa1+ 20. Kd2 Qa5+ 21. Kc1) 19... Qxb3 20. Qb2 Qxb2+ 21. Kxb2 Rc4 22. Rd4 Rfc8 23. Rxc4 Rxc4 $19 {[%mdl 4096] Endgame KRN-KRN} 24. Nd6 Rc6 25. Ne4 (25. Nxb7 $142 Rb6+ 26. Ka3) 25... g6 26. g4 Rc4 27. f3 Kg7 28. c3 h6 29. Ra1 a6 30. Kb3 Rc6 31. c4 Nf6 32. Nf2 b5 33. cxb5 axb5 34. Ra5 Nd5 35. Ne4 b4 36. Ra7 g5 37. Rd7 Nf6 38. Nxf6 $2 {[#]} (38. Rd3) 38... Kxf6 {Black is clearly winning.} 39. Kxb4 {KR-KR} Rc2 40. h3 Rh2 41. Kc4 Rxh3 42. Rd3 h5 43. gxh5 Rxh5 44. Re3 Rh4+ 45. Kd3 Rf4 46. Ke2 Kf5 47. Ra3 g4 48. Ra5+ e5 49. fxg4+ Rxg4 50. Kf3 f6 51. Ra6 Rb4 52. Ra3 Kg5 {Black took control after the opening. Accuracy: White = 46%, Black = 74%.} 0-1

[Event "29th CRO-chT Junior 2020"]
[Site "Cakovec"]
[Date "2020.07.19"]
[Round "11"]
[White "Troselj, Ivan"]
[Black "Borzan, Matej"]
[Result "1-0"]
[WhiteElo "1857"]
[BlackElo "1746"]
[Annotator "NA RC"]
[PlyCount "81"]
[EventDate "2020.??.??"]
[EventCountry "CRO"]
[SourceTitle "playchess.com"]
[Source "ChessBase"]
[SourceQuality "1"]
[TimeControl "5400+30"]

1. e4 d6 2. d4 Nf6 3. Nc3 g6 4. Nf3 Bg7 5. Be3 O-O 6. Be2 Nbd7 7. O-O e5 8. dxe5 Nxe5 9. Nxe5 dxe5 10. Qxd8 Rxd8 11. Rad1 {B08: Pirc Defence: Classical System.} Be6 12. f3 {[#]} h6 $146 ({Predecessor:} 12... a6 13. Na4 Bf8 14. Nc5 Bxc5 15. Bxc5 Nd7 16. Be3 Nb6 17. Bg5 Rxd1 18. Rxd1 Na4 {0-1 (63) Fox,J (1579)-Gehring,S (1709) Dortmund 2005}) 13. Nb5 Rd7 14. Rxd7 Bxd7 15. Rd1 Bxb5 16. Bxb5 a6 17. Ba4 b6 18. Bc6 Rb8 19. c4 Bf8 20. a3 a5 21. Kf1 g5 22. Ke2 $14 Bd6 23. Rd3 Kf8 24. Rb3 Rd8 25. c5 bxc5 26. Rb5 Ke7 27. Rxa5 Rb8 28. Rb5 Rxb5 29. Bxb5 Kd8 30. Kd3 Nd7 31. a4 Kc8 32. a5 c6 33. Bxc6 Nb8 34. Bb5 Kb7 35. Kc4 Bc7 36. Bxc5 Bxa5 37. g4 Bd2 38. Bf8 Bf4 39. h3 Nc6 40. Bxc6+ Kxc6 41. Bxh6 1-0

[Event "29th CRO-chT Junior 2020"]
[Site "Cakovec"]
[Date "2020.07.19"]
[Round "11"]
[White "Matota, Dominik"]
[Black "Radenic, Filip"]
[Result "1/2-1/2"]
[WhiteElo "1807"]
[BlackElo "2134"]
[Annotator "TA"]
[PlyCount "110"]
[EventDate "2020.??.??"]
[EventCountry "CRO"]
[SourceTitle "playchess.com"]
[Source "ChessBase"]
[SourceQuality "1"]

{[%evp 13,109,9,27,0,1,-10,-7,-10,-18,-44,-16,-25,11,-150,-140,-157,-146,-149,-137,-157,-43,-58,-52,-94,-57,-58,-64,-53,-43,-126,-110,-130,-149,-134,-128,-119,-83,-145,-112,-132,-153,-162,-102,-95,-83,-86,-95,-60,-8,-8,-8,-8,-8,-11,0,0,0,-9,0,0,0,0,0,0,0,0,0,0,0,0,0,0,0,0,0,0,0,0,0,0,0,0,0,0,0,0,0,0,0,0,0,0,0,0,0,0,0,0]} 1. e4 c5 2. Nf3 d6 3. d4 cxd4 4. Nxd4 Nf6 5. Nc3 a6 6. Be2 e5 7. Nb3 Be6 8. f3 {B92: Sicilian Najdorf: 6 Be2.} Nbd7 9. Be3 Be7 10. Qd2 b5 11. g4 Nb6 (11... b4 $5 {[%cal Rb4c3]} 12. Na4 h6 $11) 12. Na5 Rc8 13. a3 $2 {[#]} (13. a4 $11) 13... d5 $146 {[%cal Rd5d4]} ({Predecessor:} 13... Nc4 14. Nxc4 Bxc4 15. g5 Nd7 16. Bxc4 Rxc4 17. Nd5 Qc8 18. c3 Nc5 19. Nb6 Qd8 20. Nxc4 {1-0 (61) Zrng,S (1942)-Sarkawat,H Sulaymaniyah 2012}) 14. g5 d4 15. gxf6 Bxf6 {aiming for ...Bh4+.} 16. O-O-O dxe3 ({Black should try} 16... Qe7 $17 17. Nxb5 axb5 18. Bxb5+ Bd7 19. Bxd4 exd4) 17. Qxd8+ Rxd8 18. Nb7 Rxd1+ (18... Rd4 {is interesting.} 19. Nc5 Bc8 20. Nb3 Rxd1+ 21. Rxd1 Be7) 19. Rxd1 Be7 20. Nd6+ Kf8 21. Nb7 (21. Nf5 $1 $15) 21... g6 22. Nd5 Nxd5 23. exd5 Bc8 24. Na5 Bd6 25. h4 (25. c4 $142) 25... Ke7 26. Rd3 Bc5 27. c4 bxc4 (27... Bf5 $19 28. Rc3 Bd4) 28. Nxc4 Bf5 29. Rb3 Rc8 30. Nxe5 Kd6 ({Black should play} 30... Kf6 $15 31. Nc6 h5) 31. Nxf7+ $11 {The position is equal.} Kxd5 32. Bxa6 {Threatens to win with Bb7+.} Rc7 33. Rc3 Re7 34. Bc4+ $1 Kd4 {White must now prevent ...e2.} 35. Kd1 Bxa3 36. Rxa3 {And now Bb3 would win.} Kxc4 {[%mdl 4096] Endgame KRB-KRN} 37. Nd6+ Kd5 38. Nxf5 gxf5 {KR-KR} 39. Ra5+ Ke6 40. f4 {Strongly threatening Re5+.} Kf6 41. Ra6+ Kg7 42. Ra5 Kg6 43. h5+ {[%mdl 64] [#] Decoy} Kxh5 {...Kg4 is the strong threat.} 44. Rxf5+ Kg4 45. Re5 Rb7 46. Rxe3 Rxb2 47. Ke1 h5 48. Kf1 $1 h4 49. Kg1 Rb4 50. Kh2 Rxf4 51. Kg2 Rd4 52. Kh2 Rd2+ 53. Kg1 h3 54. Kh1 Rg2 55. Rxh3 Kxh3 {Accuracy: White = 80%, Black = 75%.} 1/2-1/2

[Event "29th CRO-chT Junior 2020"]
[Site "Cakovec"]
[Date "2020.07.19"]
[Round "11"]
[White "Haidinger, Erik"]
[Black "Muha, Miljenko"]
[Result "0-1"]
[WhiteElo "1767"]
[BlackElo "2310"]
[Annotator "RC"]
[PlyCount "62"]
[EventDate "2020.??.??"]
[EventCountry "CRO"]
[SourceTitle "playchess.com"]
[Source "ChessBase"]
[SourceQuality "1"]
[TimeControl "5400+30"]

1. d4 Nf6 2. Bf4 b6 3. e3 Bb7 4. Nf3 e6 5. Bd3 Be7 6. Nbd2 Nh5 7. Bg3 d6 8. Qe2 h6 9. c3 a6 10. e4 Nd7 11. Rc1 c5 12. a4 O-O 13. O-O Nxg3 14. hxg3 Re8 15. e5 cxd4 16. cxd4 dxe5 17. Nxe5 Nxe5 18. dxe5 Qd7 19. Nc4 Rad8 20. Rfd1 Qxa4 21. Nxb6 Qb4 22. Nc4 Kf8 23. f4 Rd4 24. f5 Bg5 25. fxe6 Rxe6 26. Bf5 Qc5 27. Kh2 Bxc1 28. Bxe6 Bg5 29. Qf2 Rh4+ 30. gxh4 Qxf2 31. hxg5 Qxg2# 0-1

[Event "29th CRO-chT Junior 2020"]
[Site "Cakovec"]
[Date "2020.07.19"]
[Round "11"]
[White "Bedic, Noemi"]
[Black "Baric, Marko"]
[Result "1/2-1/2"]
[WhiteElo "1712"]
[BlackElo "1831"]
[Annotator "NA RC"]
[PlyCount "72"]
[EventDate "2020.??.??"]
[EventCountry "CRO"]
[SourceTitle "playchess.com"]
[Source "ChessBase"]
[SourceQuality "1"]
[TimeControl "5400+30"]

1. e4 c5 2. Nf3 Nc6 3. g3 g6 4. Bg2 Bg7 5. O-O d6 6. d3 Nf6 7. c3 O-O 8. Re1 Qb6 {A05: Réti Opening: 1 Nf3 Nf6.} 9. Nbd2 Be6 10. Ng5 Bg4 11. f3 Bd7 12. Nc4 Qc7 13. a4 h6 14. Nh3 {[#]} Na5 $146 ({Predecessor:} 14... Be6 15. Ne3 Bxh3 16. Bxh3 a6 17. Nd5 Qd8 18. Nxf6+ exf6 19. f4 b5 20. Be3 b4 {1-0 (38) Haas,G (2300)-Gitzinger,G (1950) Luxembourg 1998}) 15. Nxa5 Qxa5 16. d4 cxd4 17. cxd4 Qb6 18. Kh1 Rac8 19. Nf4 Rc4 20. d5 (20. Nd3 $11) 20... Nh7 (20... Qd4 $11) 21. a5 Qc7 22. Bf1 Rc5 23. a6 bxa6 24. Rxa6 Rc8 25. Be3 Ra5 26. b4 Rxa6 27. Bxa6 Rb8 28. Qb3 Qc3 29. Rb1 Ng5 (29... Qxb3 $16 30. Rxb3 Ba4) 30. Kg2 ({Inferior is} 30. Bxa7 Qxb3 31. Rxb3 Ra8 $15) 30... Ba4 $2 (30... Qc7 $16 {was worth a try.} 31. Qd3 Re8) 31. Qxc3 Bxc3 32. Rc1 Bf6 (32... Bb2 $16 {was worth a try.}) 33. h4 ({Weaker is} 33. Bxa7 Rxb4 34. Nd3 Rb3 $14) 33... Nh7 34. Rc8+ Rxc8 35. Bxc8 Bc3 $14 36. Bxa7 Bxb4 1/2-1/2

[Event "29th CRO-chT Junior 2020"]
[Site "Cakovec"]
[Date "2020.07.19"]
[Round "11"]
[White "Cecic-Sule, Dino"]
[Black "Jaksic, Josip"]
[Result "1-0"]
[WhiteElo "1695"]
[BlackElo "1616"]
[Annotator "NA RC"]
[PlyCount "81"]
[EventDate "2020.??.??"]
[EventCountry "CRO"]
[SourceTitle "playchess.com"]
[Source "ChessBase"]
[SourceQuality "1"]
[TimeControl "5400+30"]

1. d4 Nf6 2. Nf3 e6 3. c4 d5 4. Nc3 Be7 5. Bf4 O-O 6. e3 b6 7. Rc1 c5 8. Be2 dxc4 9. Bxc4 Ba6 10. Bxa6 Nxa6 11. O-O Nb4 12. Qe2 Nbd5 13. Bg3 Qd7 14. Rfd1 Qb7 15. Nxd5 Nxd5 16. a3 Rac8 17. h3 Rfd8 18. dxc5 Bxc5 19. e4 Nf6 20. Rxd8+ Rxd8 21. b4 Bf8 22. Bh4 Be7 23. Qc4 h6 24. Ne5 g5 25. Nc6 gxh4 26. Nxd8 Bxd8 27. Qc8 Qe7 28. Rd1 Nxe4 29. Qxd8+ Qxd8 30. Rxd8+ Kg7 31. Ra8 Nc3 32. Rxa7 Nd5 33. Rb7 Kf6 34. a4 Nxb4 35. Rxb6 Nd5 36. Rb7 Nc3 37. a5 Ne4 38. a6 Nc5 39. Rb6 Nd7 40. Rd6 Ke7 41. Rxd7+ 1-0

[Event "29th CRO-chT Junior 2020"]
[Site "Cakovec"]
[Date "2020.07.19"]
[Round "11"]
[White "Juric, Ester"]
[Black "Vuk, Sebastijan"]
[Result "1-0"]
[WhiteElo "1663"]
[BlackElo "1367"]
[Annotator "NA RC"]
[PlyCount "133"]
[EventDate "2020.??.??"]
[EventCountry "CRO"]
[SourceTitle "playchess.com"]
[Source "ChessBase"]
[SourceQuality "1"]
[TimeControl "5400+30"]

1. d4 Nf6 2. c4 e5 3. dxe5 Ng4 4. Nf3 Nc6 5. Nc3 Ngxe5 6. e3 Bb4 7. Bd2 a5 8. a3 Bc5 9. Ne4 Be7 10. Bc3 Nxf3+ 11. Qxf3 O-O 12. Qg3 f6 13. Be2 d6 14. h4 Bf5 15. Nd2 Qd7 16. h5 Rae8 17. h6 Bd8 18. Rh4 Bg6 19. hxg7 Qxg7 20. O-O-O b6 21. f4 Bf5 22. Qxg7+ Kxg7 23. g4 Bd7 24. Rdh1 Rh8 25. e4 h6 26. Bf3 Be7 27. Nf1 Bd8 28. Ng3 Ne7 29. Nh5+ Kf7 30. Nxf6 Ng6 31. Nxd7 Nxh4 32. Bxh8 Nxf3 33. Rxh6 Rxe4 34. Rh7+ Kg8 35. Rh5 Rxc4+ 36. Kd1 Rxf4 37. Bc3 Kf7 38. Rh7+ Ke6 39. Rg7 Rf7 40. Rxf7 Kxf7 41. Ke2 Ng5 42. Nb8 Ne4 43. Be1 Bf6 44. b4 a4 45. Kd3 d5 46. Kc2 Ke6 47. Nc6 Kd6 48. b5 Kc5 49. Nb4 Bg5 50. Na6+ Kd6 51. Bb4+ Nc5 52. Kc3 Bf6+ 53. Kd2 d4 54. Ke2 Bd8 55. Kf3 Bg5 56. Ke2 c6 57. Bxc5+ bxc5 58. b6 Bd8 59. b7 Bc7 60. Nxc7 Kxc7 61. g5 c4 62. g6 c3 63. Kd3 Kxb7 64. g7 Kb6 65. g8=Q Kb5 66. Qc4+ Kb6 67. Kxd4 1-0

[Event "29th CRO-chT Junior 2020"]
[Site "Cakovec"]
[Date "2020.07.19"]
[Round "11"]
[White "Karlovcec, David"]
[Black "Damjanovic, Stjepan"]
[Result "0-1"]
[WhiteElo "1655"]
[BlackElo "1867"]
[Annotator "NA RC"]
[PlyCount "58"]
[EventDate "2020.??.??"]
[EventCountry "CRO"]
[SourceTitle "playchess.com"]
[Source "ChessBase"]
[SourceQuality "1"]
[TimeControl "5400+30"]

1. d4 Nf6 2. c4 e6 3. Nf3 c5 4. e3 d5 5. Nc3 Nc6 6. a3 b6 {[#]} 7. cxd5 $1 Nxd5 8. Bb5 Bb7 9. Qa4 Qd6 10. Ne5 Nde7 11. O-O a6 12. Bxc6+ Nxc6 13. Nc4 $17 (13. Ne4 $15 Qc7 14. Nf3) 13... Qd8 14. Rd1 b5 15. Qb3 cxd4 16. exd4 Qc7 17. d5 bxc4 18. Qxc4 Bd6 19. dxc6 Bxh2+ 20. Kh1 Bxc6 21. Qg4 O-O 22. Bh6 Be5 23. f4 Bf6 24. Rd3 Qa5 25. Rg3 Qf5 26. Qe2 Kh8 27. Bxg7+ Bxg7 28. Rg5 Qh3+ 29. Kg1 Bd4+ 0-1

[Event "29th CRO-chT Junior 2020"]
[Site "Cakovec"]
[Date "2020.07.19"]
[Round "11"]
[White "Markovic, Patrik"]
[Black "Colev, Ivor"]
[Result "0-1"]
[WhiteElo "1464"]
[BlackElo "1901"]
[Annotator "TA"]
[PlyCount "74"]
[EventDate "2020.??.??"]
[EventCountry "CRO"]
[SourceTitle "playchess.com"]
[Source "ChessBase"]
[SourceQuality "1"]

{[%evp 9,74,17,20,22,19,22,48,0,47,-110,-89,-85,-91,-86,-89,-113,-16,-98,0,-20,0,-17,-26,-40,0,-54,51,49,423,410,267,31,178,-97,0,-191,-185,-200,-211,-279,-257,-231,-106,-168,-102,-127,-48,-114,-141,-567,-566,-564,-563,-564,-564,-563,-555,-2020,-387,-1087,-726,-694,-385,-5406,-5349,-29973,-29974]} 1. e4 c5 2. Nf3 d6 3. d4 cxd4 4. Qxd4 Bd7 5. Be3 Nc6 6. Qd2 {B53: Sicilian: 2...d6: Lines with Qxd4.} Nf6 7. Nc3 g6 8. O-O-O {White is slightly better.} Ng4 {[#]} 9. Bd4 $146 (9. Bg5 $14) ({Predecessor:} 9. Bf4 Bg7 10. h3 Nge5 11. Nxe5 Nxe5 12. Bh6 Bxh6 13. Qxh6 Qa5 14. Qe3 Bc6 15. f4 {0-1 (32) Leks,M (2109)-Murawko,K (1877) Karpacz 2013}) 9... Bh6 10. Be3 Nxe3 11. fxe3 Bg7 12. h4 O-O (12... Bg4 $17 13. Be2 h5) 13. Nd5 (13. h5 $1 $11 {keeps the balance.}) 13... a5 ({Black should try} 13... h5 $17 14. Be2 Ne5 15. Nxe5 Bxe5) 14. h5 $1 $11 {[#]} Nb4 $1 {[%mdl 512]} 15. a3 (15. Nxb4 axb4) 15... Nxd5 16. exd5 b5 $36 {[%mdl 2048] Black has some pressure.} 17. hxg6 ({Better is} 17. Nd4 $11) 17... hxg6 (17... fxg6 $15 18. Nd4 Qb6) 18. Qf2 $14 b4 $2 {[%mdl 8192]} (18... e5 $14) 19. Qh4 $18 {[%csl Gh1][%cal Rh4h7]} Re8 20. Qh7+ ({Inferior is} 20. axb4 axb4 21. Bd3 b3 $17) 20... Kf8 21. Nd4 $2 (21. Bd3 $18 {Threatens to win with Rdf1.} bxa3 22. bxa3) 21... bxa3 (21... e5 $1 $17 {[%cal Re5d4]} 22. dxe6 Bxe6) 22. bxa3 $2 (22. Bc4 $1 $11 axb2+ 23. Kb1) 22... e5 23. dxe6 Bxe6 {Strongly threatening ...Qg5.} 24. Nxe6+ Rxe6 25. Bc4 Rf6 (25... d5 $1 $19 {and Black stays clearly on top.} 26. Bxd5 {[%mdl 64] Double Attack} Qf6) 26. Rhf1 {[#]} (26. Rdf1 $17 {is a better defense.}) 26... Rb8 (26... d5 $1 $19 {[%mdl 512]} 27. Qh3 (27. Bxd5 Rxf1) 27... Qd6) 27. Qh2 Kg8 (27... Qe7 $17 28. Qg3 Rc8) 28. Qh4 {[#]} ({Wrong is} 28. Rh1 $2 Qb6 $19) ({White should play} 28. Qg3 $15) 28... Qb6 $1 $17 {[%mdl 512]} 29. Qe4 $2 {[%mdl 8192] [#]} (29. Kd2 $17 {nothing else works.} Re8 30. Qg5) 29... d5 $1 $19 {[%cal Rd5e4][%mdl 576] Deflection} 30. Bxd5 Rxf1 31. Rxf1 Qb1+ 32. Kd2 Qxf1 33. Qxg6 Qf6 $2 (33... Rb1 {[%csl Gb1][%cal Rf1d1]} 34. Qxf7+ Qxf7 35. Bxf7+ Kxf7) 34. Qe4 $2 (34. Qxf6 Bxf6 35. Kd3) 34... Rd8 35. Ke2 Qe5 36. Bxf7+ $2 (36. Qxe5 Bxe5 37. c4) 36... Kxf7 37. Qb7+ Kg8 {Accuracy: White = 27%, Black = 39%.} 0-1